| 000 | 01014nas a2200265 4500 | ||
|---|---|---|---|
| 001 | BR9214269 | ||
| 003 | BR-BrBNA | ||
| 005 | 20231205093607.0 | ||
| 007 | ta | ||
| 008 | 230509b bl.|||p| |||| 00| 00por d | ||
| 040 |
_aBR-BrBNA _bpor _cBiblioteca Nacional de Agricultura |
||
| 041 | _a(Pt) | ||
| 072 | _aF02 | ||
| 100 | 1 | _aPasqual, M. | |
| 100 | 1 | _aHoshika, E. | |
| 245 | 1 | _aEfeitos do acido naftaleno acetico e 6-benzilaminopurina sobre a proliferacao in vitro de cactos Gymnocalicium buldiamur L. e Mammilaria bocassana L. | |
| 246 | 1 | _aEffects of naphthalene acetic acid and 6-benzylaminopurine on in vitro proliferation of cactus Gymnocalicium buldiamur L. and Mammilaria bocassana L. | |
| 650 | _aCacto | ||
| 650 | _aAcido Naftaleno-Acetico | ||
| 650 | _aCultura de Tecido | ||
| 650 | _aReproducao Vegetal | ||
| 773 | 0 |
_tPesquisa Agropecuaria Brasileira (Brazil) _xISSN 0100-204X _g(Apr 1992), v. 27(4) p. 589-593 _wBR9214269 |
|
| 909 |
_a202311 _bLúcia _c55 _dLúcia Elande |
||
| 942 |
_2AGRIS _n0 _cANA |
||
| 999 |
_c139356 _d139356 |
||